000 00368nam a2200133Ia 4500
008 240624s9999 xx 000 0 und d
041 _aeng
082 _a658.4 ZEN
100 _aZENGER TODD
245 _aBEYOND COMPETITIVE ADVANTAGE HOW TO SOLV
260 _c2016
_aNew Delhi
_bHarvard Business Review Press
300 _axii, : 207 : p. : cm. ; 23
365 _cRS
_b38
999 _c28174
_d28174